000
00309nam a22001337a 4500
020
_a
0-439-35640-7
082
_a
823
_b
CLE/E
100
_a
CLEARY, BEVERLY
245
_a
EMILY'S RUNAWAY IMAGINATION
260
_a
NEW YORK
_b
SCHOLASTIC INC
_c
1961
300
_a
196
650
_a
NOVEL
_z
UNITED STATES
942
_c
BK
999
_c
3040
_d
3040